Tales of love and life / (Record no. 15903)
[ view plain ]
| 000 -LEADER | |
|---|---|
| fixed length control field | 01104cam a22003011a 4500 |
| 001 - CONTROL NUMBER | |
| control field | ca 24000903 |
| 003 - CONTROL NUMBER IDENTIFIER | |
| control field | DLC |
| 005 - DATE AND TIME OF LATEST TRANSACTION | |
| control field | 20260227111113.0 |
| 008 - FIXED-LENGTH DATA ELEMENTS--GENERAL INFORMATION | |
| fixed length control field | 840907s1924 ksu 000 1 eng |
| 010 ## - LIBRARY OF CONGRESS CONTROL NUMBER | |
| LC control number | ca 24000903 |
| 035 ## - SYSTEM CONTROL NUMBER | |
| System control number | (OCoLC)11130657 |
| 040 ## - CATALOGING SOURCE | |
| Original cataloging agency | DLC |
| Transcribing agency | KPT |
| Modifying agency | DLC |
| 041 1# - LANGUAGE CODE | |
| Language code of text/sound track or separate title | eng |
| Language code of original | ita |
| 042 ## - AUTHENTICATION CODE | |
| Authentication code | premarc |
| 050 00 - LIBRARY OF CONGRESS CALL NUMBER | |
| Classification number | PQ4272.E5 |
| Item number | A3 1924 |
| 100 1# - MAIN ENTRY--PERSONAL NAME | |
| Personal name | Boccaccio, Giovanni, |
| Dates associated with a name | 1313-1375. |
| 240 00 - UNIFORM TITLE | |
| Uniform title | Decamerone. |
| Form subheading | Selections. |
| Language of a work | English |
| 245 10 - TITLE STATEMENT | |
| Title | Tales of love and life / |
| Statement of responsibility, etc. | Boccaccio. |
| 260 ## - PUBLICATION, DISTRIBUTION, ETC. | |
| Place of publication, distribution, etc. | Girard, Kan. : |
| Name of publisher, distributor, etc. | Haldeman-Julius Co., |
| Date of publication, distribution, etc. | c1924. |
| 300 ## - PHYSICAL DESCRIPTION | |
| Extent | 64 p. ; |
| Dimensions | 13 cm. |
| 440 #0 - SERIES STATEMENT/ADDED ENTRY--TITLE | |
| Title | Little blue book ; |
| Volume/sequential designation | no. 673 |
| 500 ## - GENERAL NOTE | |
| General note | Pages 58-64 contain advertising matter. |
| 500 ## - GENERAL NOTE | |
| General note | Stories from The Decameron. |
| 505 0# - FORMATTED CONTENTS NOTE | |
| Formatted contents note | The story of Bertram and Giletta -- Isabella; or the pot of basil -- Befriending his enemy -- The story of Griselda. |
| 500 ## - GENERAL NOTE | |
| General note | Published 15 September 1924; copies deposited at Library of Congress 22 September 1924; copyright renewed 19 June 1952. |
| 500 ## - GENERAL NOTE | |
| General note | Printings after 1945 lack advertising matter. |
| 740 4# - ADDED ENTRY--UNCONTROLLED RELATED/ANALYTICAL TITLE | |
| Uncontrolled related/analytical title | The Decameron. |
No items available.